[Event "45th Olympiad 2024"]
[Site "Budapest HUN"]
[Date "2024.09.15"]
[Round "5.6"]
[Board "3"]
[White "Daneshvar, Bardiya"]
[Black "Thavandiran, Shiyam"]
[Result "1-0"]
[WhiteElo "2598"]
[BlackElo "2388"]
[PlyCount "111"]
[EventDate "2024.09.11"]
[WhiteTeam "Iran"]
[BlackTeam "Canada"]
[WhiteTeamCountry "IRI"]
[BlackTeamCountry "CAN"]

1. g3 e5 2. c4 Nf6 3. Bg2 h6 4. Nf3 e4 5. Nd4 Nc6 6. Nc2 d5 7. cxd5 Qxd5 8. Nc3 Qe5 9. O-O ({RR} 9. d4 exd3 10. Qxd3 Bf5 11. Qe3 Qxe3 12. Nxe3 Be6 13. O-O O-O-O 14. b3 Bb4 15. Bb2 Rd2 16. Na4 Nd4 17. Bxd4 Rxd4 18. Nc2 Rhd8 19. e3 Rg4 20. h3 Bf5 21. hxg4 Bxc2 22. Rac1 Rd2 23. Nb2 b5 {1-0 Hong,A (2550)-Nihal,S (2669) Titled Tue 11th Jun Late 2024 (5)}) 9... Bf5 10. Ne3 $146 ({RR} 10. d4 exd3 11. exd3 O-O-O 12. Bf4 Qa5 13. d4 Bxc2 14. Qxc2 Nxd4 15. Qb1 Bb4 16. a3 Bd6 17. Be3 Ne6 18. Ne4 Nxe4 19. Qxe4 c6 20. b4 Qe5 21. Qf3 Qf6 22. Qe2 Be5 23. Rac1 Bd4 24. b5 c5 {½-½ Petrov,N (2562)-Kryakvin,D (2574) Tuapse Blitz op 2021 (4)}) ({RR} 10. b4 O-O-O 11. Rb1 Qe6 12. b5 Ne5 13. Ne3 Bg6 14. Bb2 Kb8 15. Qc1 h5 16. Na4 h4 17. Nc5 Bxc5 18. Qxc5 Rh5 19. Bxe5 Qxe5 20. Qxe5 Rxe5 21. Rb2 Nd5 22. Nc4 Re7 23. f3 hxg3 24. hxg3 f6 {½-½ Schekachikhin,M (2406)-Kryakvin,D (2594) Cheliabinsk Panchenko Memorial op-A 2020 (3)}) 10... Bg6 11. Qa4 O-O-O 12. d3 Bc5 13. dxe4 Rhe8 14. Nf5 Nxe4 15. Bxe4 Bxf5 16. Bxc6 bxc6 17. Qxc6 g5 18. Qa8+ Kd7 19. Qf3 Kc8 20. Be3 Bxe3 21. fxe3 Be4 22. Nxe4 Qxe4 23. Qxe4 Rxe4 24. Rxf7 Rc4 25. Kf2 Rd2 26. b3 Rcc2 27. Re1 Rxa2 28. Kf3 Kb8 29. e4 Rab2 30. e5 Rxb3+ 31. Ke4 Rb6 32. e3 Rb4+ 33. Kf5 Rb5 34. Re7 a5 35. Rc1 Re2 36. e4 a4 37. Rexc7 Rf2+ 38. Ke6 a3 39. Rc8+ Kb7 40. R1c7+ Kb6 41. Rb8+ Kxc7 42. Rxb5 a2 43. Ra5 Rxh2 44. Ra7+ Kb6 45. Ra8 h5 46. Kf5 Kb7 47. Ra4 h4 48. e6 hxg3 49. e7 Rh8 50. Rxa2 Kc7 51. Kf6 Rh6+ 52. Kg7 Re6 53. Kf7 Rxe4 54. e8=Q Rxe8 55. Kxe8 Kd6 56. Ra5 1-0

[Event "45th Olympiad 2024"]
[Site "Budapest HUN"]
[Date "2024.09.15"]
[Round "5.6"]
[Board "4"]
[White "Noritsyn, Nikolay"]
[Black "Idani, Pouya"]
[Result "1/2-1/2"]
[WhiteElo "2451"]
[BlackElo "2599"]
[PlyCount "119"]
[EventDate "2024.09.11"]
[WhiteTeam "Canada"]
[BlackTeam "Iran"]
[WhiteTeamCountry "CAN"]
[BlackTeamCountry "IRI"]

1. e4 c5 2. Nf3 d6 3. d4 cxd4 4. Qxd4 Nc6 5. Qd3 g6 6. Nc3 Bg7 7. Be2 Bg4 8. O-O Nf6 9. Nd5 O-O 10. c3 Nd7 11. Bg5 h6 12. Bh4 Nc5 13. Qc2 g5 14. Bg3 f5 15. exf5 Bxf5 16. Qd1 e6 $146 ({RR} 16... Kh8 17. Nd2 Bh7 18. Ne3 Nd3 19. Bxd3 Bxd3 20. Re1 Bh7 21. Nf3 Qd7 22. Qa4 Rad8 23. h4 Rxf3 24. gxf3 Ne5 25. Qxd7 Nxf3+ 26. Kg2 Nxe1+ 27. Rxe1 Rxd7 28. hxg5 hxg5 29. Nd5 Bf8 30. Kf3 Kg7 31. Kg4 {0-1 Dumanuly,S (1931)-Averin,N (2270) World Youth Open U14 2023 (9.28)}) 17. Ne3 d5 18. Rc1 Ne4 19. Qb3 Qe7 20. Nxf5 Rxf5 21. Bd3 Nc5 22. Qd1 Nxd3 23. Qxd3 Rd8 24. Rfe1 Qf6 25. Qb5 Qf7 26. Nd2 h5 27. f3 h4 28. Bf2 h3 29. gxh3 d4 30. Qe2 dxc3 31. bxc3 Ne5 32. Bd4 Ng6 33. Qxe6 Nf4 34. Qxf7+ Kxf7 35. Re4 Ra5 36. Rc2 Bxd4+ 37. cxd4 Rxd4 38. Rxd4 Ne2+ 39. Kf2 Nxd4 40. Rb2 b6 41. Nb3 Nxb3 42. axb3 Rb5 43. Rc2 a5 44. Rc3 Rb4 45. Re3 Kf6 46. Kg2 Kf5 47. Kg3 Kf6 48. Kf2 Kf5 49. Kg3 b5 50. Rc3 Ke6 51. Rc6+ Ke5 52. Ra6 Rxb3 53. Rxa5 Rb4 54. Ra8 Rc4 55. Rg8 Kf6 56. Rf8+ Kg6 57. Rg8+ Kh6 58. Rh8+ Kg7 59. Rb8 b4 60. Rb6 1/2-1/2

[Event "45th Olympiad 2024"]
[Site "Budapest HUN"]
[Date "2024.09.15"]
[Round "5.7"]
[Board "1"]
[White "Peralta, Fernando"]
[Black "Caruana, Fabiano"]
[Result "0-1"]
[WhiteElo "2558"]
[BlackElo "2798"]
[PlyCount "60"]
[EventDate "2024.09.11"]
[WhiteTeam "Argentina"]
[BlackTeam "United States of America"]
[WhiteTeamCountry "ARG"]

1. d4 Nf6 2. c4 e6 3. Nc3 Bb4 4. e3 b6 5. Nge2 Ne4 6. Qc2 Bb7 7. h4 O-O 8. a3 Bxc3+ 9. Nxc3 Nxc3 10. Qxc3 d5 $146 ({RR} 10... d6 11. b3 Nd7 12. Bb2 e5 13. O-O-O Qe7 14. f3 a5 15. Kb1 Rfe8 16. Bd3 exd4 17. exd4 d5 18. c5 Qf6 19. Qc2 Nf8 20. g4 Qxf3 21. Rde1 bxc5 22. Ref1 Qxg4 23. dxc5 d4 24. c6 Ba6 25. Rhg1 {0-1 Ismagilov,D (2174)-Bharath,S (2566) Abu Dhabi Masters Online 2024 (5)}) ({RR} 10... d6 11. b4 Nd7 12. Bb2 a5 13. f3 Qe7 14. c5 axb4 15. axb4 Rxa1+ 16. Bxa1 Ra8 17. Bb2 bxc5 18. dxc5 Nf6 19. c6 Bc8 20. Kf2 e5 21. e4 Be6 22. Be2 Nh5 23. g3 Rf8 24. Qe3 f5 25. exf5 {0-1 Putrenko,K (2372)-Postny,E (2600) 2nd Paphos Int Open 2024 (5.3)}) 11. b3 Nd7 12. Bb2 f5 13. f3 Qe7 14. O-O-O c5 15. h5 h6 16. Kb1 Rac8 17. dxc5 Rxc5 18. Qd4 e5 19. Qh4 Nf6 20. Qg3 dxc4 21. Bxc4+ Bd5 22. Rc1 Bxc4 23. Rxc4 Rxc4 24. bxc4 Re8 25. Qg6 Qd7 26. Ka1 Nh7 27. Rc1 Nf8 28. Qg3 Qd2 29. c5 bxc5 30. Rxc5 f4 0-1

[Event "45th Olympiad 2024"]
[Site "Budapest HUN"]
[Date "2024.09.15"]
[Round "5.7"]
[Board "2"]
[White "So, Wesley"]
[Black "Krysa, Leandro"]
[Result "1-0"]
[WhiteElo "2752"]
[BlackElo "2495"]
[PlyCount "159"]
[EventDate "2024.09.11"]
[WhiteTeam "United States of America"]
[BlackTeam "Argentina"]
[BlackTeamCountry "ARG"]

1. e4 e5 2. Nf3 Nc6 3. Bb5 a6 4. Ba4 Nf6 5. d3 d6 6. c3 Be7 7. O-O O-O 8. Re1 Re8 9. Nbd2 Bf8 10. Nf1 h6 11. Ng3 b5 12. Bb3 a5 ({RR} 12... Be6 13. Bc2 d5 14. exd5 Bxd5 15. Qe2 g6 16. h3 Bg7 17. Be3 Nd7 18. Bb3 Bxb3 19. axb3 f5 20. Nf1 Nf6 21. b4 Qd7 22. Qc2 Kh7 23. Bc5 Nd5 24. Ng3 Qf7 25. Ra3 a5 26. bxa5 Rxa5 27. Rxa5 {0-1 Firouzja,A (2702)-Carlsen,M (2876) Chess24 Banter Blitz Cup 2019 (7.12)}) ({RR} 12... Ne7 13. a4 Rb8 14. axb5 axb5 15. d4 Ng6 16. h3 c5 17. Bc2 Bd7 18. Be3 Bc6 19. d5 Bd7 20. b4 c4 21. Qd2 Be7 22. Ra7 Nh7 23. Nf5 Bxf5 24. exf5 Ngf8 25. Rea1 Nd7 26. Nh2 Bg5 27. Nf1 {0-1 Martinez Alcantara,J (2610)-Chigaev,M (2622) Titled Tue 16th Jan Late 2024 (10)}) 13. d4 a4 $146 ({RR} 13... Bg4 14. a4 b4 15. d5 Nb8 16. h3 Bc8 17. cxb4 axb4 18. Bd2 c5 19. dxc6 Nxc6 20. Bc4 Bb7 21. Qe2 d5 22. exd5 Nd4 23. Nxd4 exd4 24. Qd3 Rxe1+ 25. Bxe1 Qb6 26. Nf5 Nxd5 27. Qxd4 Qc6 28. Bb5 {½-½ Tzidkiya,Y (2456)-Bai,A (2377) FSGM September 2023 (2.5)}) 14. Bc2 Bg4 15. Bd3 Rb8 16. Qe2 b4 17. Bb5 Bd7 18. d5 Nd4 19. Nxd4 exd4 20. Bxd7 Qxd7 21. cxd4 Nxd5 22. Bd2 Nf6 23. Qf3 Qg4 24. Qxg4 Nxg4 25. f3 Nf6 26. d5 g6 27. Rac1 Nd7 28. Rxc7 Nc5 29. Rd1 Bg7 30. Bf4 Bxb2 31. Bxd6 b3 32. Rxc5 bxa2 33. Bxb8 Bd4+ 34. Kf1 Bxc5 35. Be5 Rxe5 36. Ra1 a3 37. Rxa2 Re8 38. Ke2 Bd6 39. Kd3 Rb8 40. Nf1 f5 41. Nd2 Kg7 42. Kd4 fxe4 43. fxe4 Rb2 44. Rxb2 axb2 45. Kc3 Bf4 46. Nb1 Bxh2 47. Kxb2 h5 48. Nd2 g5 49. Nf3 Bf4 50. Kc3 g4 51. Nh4 Kf6 52. Nf5 Ke5 53. Kd3 Bg5 54. g3 Bd8 55. Ne3 Kd6 56. Nf5+ Ke5 57. Ne3 Kd6 58. Ng2 Bf6 59. Nf4 h4 60. gxh4 Bxh4 61. Ng2 Bf2 62. Ne3 g3 63. Ke2 Ke5 64. Kf3 Be1 65. Ng4+ Kd4 66. Ne3 Ke5 67. Ng2 Bd2 68. Nh4 Be1 69. Ng6+ Kd6 70. Nf4 Bd2 71. Nd3 Bc3 72. Kxg3 Bd4 73. Kf3 Bg7 74. Ke3 Bf6 75. Kd2 Bd4 76. Kc2 Bg7 77. Kb3 Bf6 78. Kc4 Bg7 79. e5+ Kd7 80. Nc5+ 1-0

[Event "45th Olympiad 2024"]
[Site "Budapest HUN"]
[Date "2024.09.15"]
[Round "5.7"]
[Board "3"]
[White "Flores, Diego"]
[Black "Dominguez Perez, Leinier"]
[Result "1-0"]
[WhiteElo "2546"]
[BlackElo "2748"]
[PlyCount "69"]
[EventDate "2024.09.11"]
[WhiteTeam "Argentina"]
[BlackTeam "United States of America"]
[WhiteTeamCountry "ARG"]

1. c4 e6 2. Nf3 d5 3. d4 Nf6 4. Bg5 dxc4 5. Qa4+ Nbd7 6. e4 Be7 7. Nc3 ({RR} 7. Nbd2 a6 8. Bxc4 Rb8 9. Qc2 b5 10. Be2 Bb7 11. a4 b4 12. Bxf6 Bxf6 13. Nb3 O-O 14. O-O Be7 15. Na5 b3 16. Qd3 Ba8 17. Nd2 Nf6 18. Naxb3 Nxe4 19. Nxe4 Bxe4 20. Qxe4 Rxb3 21. Bxa6 Rb4 {1-0 Gemelli,R (2120)-Matsumura,C (2022) 57th Biel Master Open 2024 (4.52)}) 7... c5 ({RR} 7... O-O 8. Bxc4 Nb6 9. Qb3 Nxc4 10. Qxc4 a6 11. O-O b5 12. Qe2 Bb7 13. Bxf6 Bxf6 14. Rfd1 Qe8 15. Qe3 e5 16. dxe5 Bxe5 17. Nxe5 Qxe5 18. f3 Rad8 19. Rxd8 Rxd8 20. Rd1 Rxd1+ 21. Nxd1 h6 22. Qc3 {½-½ Mamedyarov,S (2790)-Ding,L (2812) Gashimov Memorial 6th 2019 (7)}) 8. dxc5 O-O 9. Qxc4 h6 $146 ({RR} 9... Nxc5 10. Bxf6 gxf6 11. Be2 Bd7 12. e5 Rc8 13. O-O f5 14. Qf4 Kh8 15. Rfd1 Rg8 16. h3 Qe8 17. Nd4 Na4 18. Nxa4 Bxa4 19. b3 Bc6 20. Nxc6 Qxc6 21. Bf3 Qc7 22. Rac1 Qb8 23. Rxc8 Qxc8 24. Qc4 {½-½ Yuan,Y (2108)-Song,Y (2317) CHN-chT Div-A Rapid 2022 (4.6)}) 10. Bh4 b5 11. cxb6 Qxb6 12. Be2 Qxb2 13. O-O Nb6 14. Qd4 Rd8 15. Nd5 Qxd4 16. Nxe7+ Kf8 17. Nxd4 Rxd4 18. Nxc8 Rxc8 19. f3 Rc2 20. Rf2 g5 21. Bf1 Rc5 22. Bg3 Nbd7 23. Rb2 Rc8 24. Bf2 Ra4 25. Bb5 Ra3 26. Be1 a5 27. Rd1 Ne5 28. Bg3 Rc5 29. Bf2 Rc8 30. Bd4 Nfd7 31. Bxd7 Nxd7 32. Rb7 Rxa2 33. Rxd7 Rcc2 34. Rd8+ Ke7 35. Be5 1-0

[Event "45th Olympiad 2024"]
[Site "Budapest HUN"]
[Date "2024.09.15"]
[Round "5.7"]
[Board "4"]
[White "Aronian, Levon"]
[Black "Sosa, Tomas ARG"]
[Result "1-0"]
[WhiteElo "2729"]
[BlackElo "2515"]
[PlyCount "135"]
[EventDate "2024.09.11"]
[WhiteTeam "United States of America"]
[BlackTeam "Argentina"]
[BlackTeamCountry "ARG"]

1. e4 e5 2. Nf3 Nc6 3. Bc4 d6 4. d4 Nf6 5. dxe5 dxe5 6. Qxd8+ Nxd8 7. Nc3 Bd6 8. Bg5 c6 9. a4 $146 ({RR} 9. O-O Ne6 10. Be3 b5 11. Bd3 Ng4 12. Bd2 Nc5 13. Rfe1 Nf6 14. Rad1 Bd7 15. Bg5 Nxd3 16. cxd3 Bc7 17. d4 Bg4 18. dxe5 Bxf3 19. gxf3 Bxe5 20. f4 Bxc3 21. bxc3 Nd7 22. Rd6 h6 23. Bh4 g5 {1-0 Asgari,M (2134)-Dogan,N (2277) 7th Mersin Open 2023 (9.14)}) ({RR} 9. O-O-O Bc7 10. Bh4 b5 11. Bb3 Nb7 12. Bg3 Nd7 13. Ne2 Nbc5 14. Ned4 f6 15. Nxc6 Nxb3+ 16. axb3 Bb7 17. Ncd4 Rc8 18. Nxb5 Bxe4 19. Rhe1 Bg6 20. Nh4 Bb8 21. Nxg6 hxg6 22. f4 Ke7 23. Nd4 Kf7 {1-0 Aronian,L (2782)-Artemiev,V (2699) Meltwater Tour Final rapid 2021 (2.4)}) ({RR} 9. O-O-O Bc7 10. a3 O-O 11. h4 Ng4 12. Be7 Re8 13. Bxd8 Bxd8 14. Ng5 Bxg5+ 15. hxg5 Nxf2 16. Rdf1 Nxh1 17. Bxf7+ Kf8 18. Bxe8+ Kxe8 19. Rxh1 Be6 20. g6 h6 21. Rh5 Ke7 22. Rxe5 Kf6 23. Rh5 Kxg6 {0-1 Wickramasinghe,N (1911)-Hechl,G (2237) 43rd St Veit Open 2024 (5.12)}) 9... Ne6 10. O-O-O Bc7 11. Bh4 Nh5 12. Ne2 f6 13. Nd2 Nc5 14. f3 g5 15. Bf2 Nxa4 16. g4 Nf4 17. Nxf4 gxf4 18. Bb3 Nb6 19. Bh4 Rf8 20. g5 fxg5 21. Bxg5 Nd7 22. Nc4 Nc5 23. Nd6+ Bxd6 24. Rxd6 Nxb3+ 25. cxb3 Kf7 26. Rh6 Rg8 27. h4 Rg6 28. Rxh7+ Rg7 29. Rh8 Rg8 30. Rxg8 Kxg8 31. Bf6 Be6 32. Rg1+ Kh7 33. Rg7+ Kh6 34. Rxb7 Rg8 35. Bxe5 Rg1+ 36. Kd2 Rg2+ 37. Ke1 Rc2 38. Bxf4+ Kh5 39. Rh7+ Kg6 40. Rh6+ Kf7 41. Be5 Bxb3 42. h5 Rc5 43. Bd4 Rc2 44. Rf6+ Kg8 45. h6 Kh7 46. Rd6 c5 47. Be3 Rh2 48. Rd7+ Kg6 49. Rg7+ Kf6 50. Rxa7 Bc4 51. h7 Bf7 52. Ra6+ Kg7 53. Rh6 Rxh6 54. Bxh6+ Kxh7 55. Be3 c4 56. Kf2 Bh5 57. Kg3 Kg7 58. f4 Kf6 59. Bd4+ Ke6 60. f5+ Kd6 61. Kf4 Bd1 62. Bc3 Bc2 63. e5+ Kd5 64. Kg5 Bd1 65. e6 Kd6 66. Kf6 Bg4 67. Bb4+ Kc6 68. Ke5 1-0

[Event "45th Olympiad 2024"]
[Site "Budapest HUN"]
[Date "2024.09.15"]
[Round "5.8"]
[Board "1"]
[White "Abdusattorov, Nodirbek"]
[Black "Schitco, Ivan"]
[Result "1-0"]
[WhiteElo "2766"]
[BlackElo "2527"]
[PlyCount "115"]
[EventDate "2024.09.11"]
[WhiteTeam "Uzbekistan"]
[BlackTeam "Moldova"]
[WhiteTeamCountry "UZB"]
[BlackTeamCountry "MDA"]

1. d4 d5 2. Nf3 Nf6 3. Bf4 c5 4. e3 Nc6 5. Nbd2 Bg4 6. c3 e6 7. Qb3 Qb6 8. h3 ({RR} 8. Ne5 Nxe5 9. dxe5 Nd7 10. Bb5 Be7 11. f3 Bh5 12. O-O-O Rd8 13. g4 Bg6 14. h4 h6 15. h5 Bh7 16. e4 O-O 17. c4 d4 18. Rhg1 Bg5 19. Bh2 Be3 20. g5 hxg5 21. Rg2 Qc7 22. f4 gxf4 {0-1 Cornette,M (2606)-Motylev,A (2675) London Classic Superblitz KO 2017 (2.1)}) 8... Bf5 9. g4 Bg6 10. Nh4 Nd7 $146 ({RR} 10... c4 11. Qxb6 axb6 12. a3 b5 13. Rc1 Kd7 14. Nxg6 hxg6 15. Bg2 Bd6 16. Bxd6 Kxd6 17. f4 Na5 18. O-O Nd7 19. e4 Nb6 20. Rfe1 Nc6 21. exd5 exd5 22. Nf3 f6 23. Rc2 Rae8 24. Rxe8 Rxe8 25. Kf2 {1-0 Sadhwani,R (2603)-Sargsyan,A (2402) Speed Chess GP1 blitz 2021 (1)}) ({RR} 10... c4 11. Qxb6 axb6 12. Nxg6 hxg6 13. Bg2 b5 14. O-O Kd7 15. a3 Bd6 16. Bxd6 Kxd6 17. f4 Ne7 18. Rae1 Nd7 19. e4 f5 20. exf5 gxf5 21. Nf3 Raf8 22. Ng5 Rh6 23. Rf2 Rff6 24. Bf3 Nf8 25. Kh2 {1-0 Sousa,A (2431)-Alsina Leal,D (2512) Portuguese Top League 2024 (7.1)}) ({RR} 10... Be7 11. Nxg6 hxg6 12. Be2 Rc8 13. Kf1 O-O 14. Kg2 Rfd8 15. h4 Bd6 16. Bxd6 Rxd6 17. g5 Nh5 18. Rhc1 e5 19. dxc5 Qxc5 20. c4 Na5 21. Qc3 d4 22. Qc2 d3 23. Bxd3 Rcd8 24. b4 Qxb4 {0-1 Xiong,J (2690)-Ivic,V (2553) Titled Tuesday intern op 06th Sep Early blitz 2022 (8)}) 11. Nxg6 hxg6 12. h4 Be7 13. Nf3 Rc8 14. g5 cxd4 15. exd4 Na5 16. Qxb6 Nxb6 17. Bd3 Nac4 18. b3 Bd6 19. Bc1 Na5 20. Ke2 Nd7 21. Bd2 a6 22. h5 gxh5 23. g6 f6 24. Rh3 Nf8 25. Rah1 Nc6 26. Rxh5 Rxh5 27. Rxh5 Ne7 28. Nh4 f5 29. Rg5 Nd7 30. Rg1 Nf6 31. c4 Kd7 32. Nf3 Rh8 33. c5 Bc7 34. b4 Ne4 35. b5 axb5 36. Bxb5+ Nc6 37. a4 Nxd2 38. Kxd2 Bf4+ 39. Ke2 Kc7 40. Bxc6 bxc6 41. a5 Rb8 42. Ra1 Kb7 43. Rb1+ Kc7 44. Rxb8 Kxb8 45. Ne1 Kb7 46. Nd3 Bg5 47. Nb4 Bf6 48. a6+ Kc7 49. a7 Kb7 50. Nxc6 Ka8 51. Kd3 Kb7 52. f3 Ka8 53. Kc3 Kb7 54. Kb4 Ka8 55. Kb5 Kb7 56. a8=Q+ Kxa8 57. Kb6 f4 58. Kc7 1-0

[Event "45th Olympiad 2024"]
[Site "Budapest HUN"]
[Date "2024.09.15"]
[Round "5.8"]
[Board "2"]
[White "Lashkin, Jegor"]
[Black "Yakubboev, Nodirbek"]
[Result "1/2-1/2"]
[WhiteElo "2472"]
[BlackElo "2666"]
[PlyCount "61"]
[EventDate "2024.09.11"]
[WhiteTeam "Moldova"]
[BlackTeam "Uzbekistan"]
[WhiteTeamCountry "MDA"]
[BlackTeamCountry "UZB"]

1. d4 Nf6 2. c4 e6 3. Nf3 d5 4. Nc3 c6 5. e3 Nbd7 6. Be2 Bd6 7. O-O O-O 8. b3 b6 9. Bb2 Bb7 10. Qc2 Rc8 11. Rad1 c5 12. dxc5 Nxc5 13. cxd5 Nce4 14. dxe6 Nxc3 15. Bxc3 Ne4 16. Bc4 b5 ({RR} 16... Nxc3 17. Qxc3 Bxf3 18. gxf3 Qg5+ 19. Kh1 Qh5 20. Rxd6 Qxf3+ 21. Kg1 Qg4+ 22. Kh1 Qf3+ 23. Kg1 Qg4+ 24. Kh1 Qf3+ 25. Kg1 {½-½ Berczes,D (2445)-Gonda,L (2494) TCh-HUN 2023-24 (5.4)}) 17. exf7+ Kh8 18. Nd4 $146 ({RR} 18. Be5 bxc4 19. Rd4 Qe7 20. Rxe4 Bxe4 21. Qxe4 c3 22. h4 Bxe5 23. Nxe5 Qd6 24. Nc4 Qa6 25. Qe7 Qg6 26. Nd6 Rcd8 27. Ne8 Qxf7 28. Qxd8 Rxe8 29. Qd3 Rc8 30. Rc1 Qc7 31. Rc2 h6 32. g3 Qa5 {1-0 Nguyen,T (2610)-Anton Guijarro,D (2692) Prague Masters 4th 2022 (3)}) 18... Nxc3 19. Ne6 Bxh2+ 20. Kxh2 Qh4+ 21. Kg1 Nxd1 22. Nxf8 bxc4 23. Ne6 Bxg2 24. Kxg2 Qg4+ 25. Kh2 Qh4+ 26. Kg2 Qg4+ 27. Kh2 Qh4+ 28. Kg2 Qg4+ 29. Kh2 Qh4+ 30. Kg2 Qg4+ 31. Kh2 1/2-1/2

[Event "45th Olympiad 2024"]
[Site "Budapest HUN"]
[Date "2024.09.15"]
[Round "5.8"]
[Board "3"]
[White "Sindarov, Javokhir"]
[Black "Bologan, Victor"]
[Result "1-0"]
[WhiteElo "2677"]
[BlackElo "2598"]
[PlyCount "81"]
[EventDate "2024.09.11"]
[WhiteTeam "Uzbekistan"]
[BlackTeam "Moldova"]
[WhiteTeamCountry "UZB"]
[BlackTeamCountry "MDA"]

1. e4 e5 2. Nf3 Nc6 3. Bc4 d6 4. d4 Nf6 5. d5 Ne7 6. Bd3 g6 7. c4 Bg7 8. Nc3 O-O 9. h3 a5 $146 ({RR} 9... Nd7 10. g4 c6 11. Be3 cxd5 12. cxd5 f5 13. gxf5 gxf5 14. Ng5 Nf6 15. Qb3 fxe4 16. Ncxe4 Nxe4 17. Bxe4 h6 18. Ne6 Bxe6 19. dxe6 d5 20. O-O-O d4 21. Bd2 Rf6 22. Rhg1 Qc8+ 23. Kb1 Qxe6 24. Qxb7 {1-0 Socko,M (2432)-Bivol,A (2365) 23rd ch-EUR Indiv w 2023 (4.7)}) 10. Be3 Nd7 11. g4 Nc5 12. Bc2 b6 13. Rg1 Ba6 14. Nd2 c6 15. a4 Kh8 16. h4 cxd5 17. cxd5 Qd7 18. g5 f6 19. Ra3 Rac8 20. Nb3 Ng8 21. Nxc5 bxc5 22. Bd3 c4 23. Bc2 Rb8 24. Bc1 Qf7 25. Rg2 h5 26. Kf1 fxg5 27. hxg5 Ne7 28. Kg1 Kg8 29. Ne2 Bc8 30. Qe1 Rb4 31. Nc3 Bh3 32. Nb5 Rxb5 33. axb5 Bxg2 34. Kxg2 Nc8 35. Bd1 Nb6 36. Rxa5 Qb7 37. Be3 Nxd5 38. exd5 Qxd5+ 39. Kg1 h4 40. b6 Qc6 41. Qd2 1-0

[Event "45th Olympiad 2024"]
[Site "Budapest HUN"]
[Date "2024.09.15"]
[Round "5.8"]
[Board "4"]
[White "Iordachescu, Viorel"]
[Black "Vokhidov, Shamsiddin"]
[Result "0-1"]
[WhiteElo "2572"]
[BlackElo "2650"]
[PlyCount "72"]
[EventDate "2024.09.11"]
[WhiteTeam "Moldova"]
[BlackTeam "Uzbekistan"]
[WhiteTeamCountry "MDA"]
[BlackTeamCountry "UZB"]

1. d4 Nf6 2. c4 e6 3. Nf3 d5 4. g3 Bb4+ 5. Bd2 a5 6. Qc1 O-O 7. Bg2 Be7 8. O-O c6 9. Rd1 Nbd7 10. Bf4 ({RR} 10. b3 Ne4 11. Nc3 Nxc3 12. Bxc3 Qe8 13. Bb2 Bd6 14. Ba3 Qe7 15. Bxd6 Qxd6 16. Qc2 f5 17. Rac1 Nf6 18. Ne5 Bd7 19. Qb2 Rfc8 20. a3 b5 21. Nd3 bxc4 22. bxc4 Rcb8 23. Qc3 Be8 24. Rb1 Rxb1 {1-0 Tarigan,G (2359)-Van der Werf,J (2114) 26th HZ Open 2024 (3.15)}) 10... h6 11. Nc3 $146 ({RR} 11. Qc2 b6 12. Nbd2 Ba6 13. Rac1 g5 14. Be3 Ng4 15. Qb3 b5 16. c5 b4 17. Re1 Nxe3 18. Qxe3 g4 19. Qxh6 gxf3 20. Nxf3 Bf6 21. e4 Bg7 22. Qd2 Nf6 23. exd5 exd5 24. Ne5 Qc7 25. Re3 Nd7 {1-0 Niemann,H (2706)-Makhnev,D (2483) Kazakhstan Chess Cup 2023 (9.4)}) ({RR} 11. Qc2 a4 12. a3 Qa5 13. Nbd2 Nh5 14. Be5 Nhf6 15. Bf4 Nh5 16. Be3 Nhf6 17. h3 Rd8 18. Rac1 b6 19. Bf4 Bb7 20. e4 Rac8 21. e5 Nh7 22. cxd5 cxd5 23. Qb1 b5 24. Rxc8 Rxc8 25. Rc1 Qa8 {½-½ Sargissian,G (2686)-Howell,D (2676) 24th European Teams 2023 (9.5)}) 11... a4 12. Ne5 g5 13. Nxd7 Nxd7 14. Bd2 dxc4 15. a3 Ra6 16. f4 f5 17. fxg5 hxg5 18. e4 c5 19. exf5 cxd4 20. Ne4 b5 21. fxe6 Rxe6 22. Nxg5 Re5 23. h4 Qb6 24. Bf4 d3+ 25. Kh1 Bxg5 26. Bxg5 Bb7 27. Rd2 Re2 28. Rxe2 dxe2 29. Bf4 Re8 30. Bd2 Bxg2+ 31. Kxg2 Qc6+ 32. Kg1 Ne5 33. Qc3 Qe4 34. Be3 Nd3 35. Bd2 e1=Q+ 36. Bxe1 Nxe1 0-1

[Event "45th Olympiad 2024"]
[Site "Budapest HUN"]
[Date "2024.09.15"]
[Round "5.9"]
[Board "1"]
[White "Albornoz Cabrera, Carlos Daniel"]
[Black "Giri, Anish"]
[Result "1/2-1/2"]
[WhiteElo "2579"]
[BlackElo "2724"]
[PlyCount "64"]
[EventDate "2024.09.11"]
[WhiteTeam "Cuba"]
[BlackTeam "Netherlands"]
[WhiteTeamCountry "CUB"]
[BlackTeamCountry "NED"]

1. e4 c6 2. d4 d5 3. e5 Bf5 4. Nf3 e6 5. Be2 c5 6. Be3 Qb6 7. Nc3 c4 8. Qc1 ({RR} 8. Rb1 Qd8 9. O-O Bb4 10. a3 Bxc3 11. bxc3 Qd7 12. Nh4 Ne7 13. g4 Bg6 14. f4 Be4 15. f5 Nbc6 16. f6 gxf6 17. Rxf6 O-O-O 18. Rxf7 Rdf8 19. Rf6 Ng6 20. Ng2 Qe7 21. g5 Qxa3 22. Qd2 Nd8 {0-1 Robson,R (2673)-Fedoseev,V (2671) PRO League Stage rapid 2020 (4)}) 8... Bb4 9. O-O Bxc3 ({RR} 9... Ne7 10. Nd1 Nbc6 11. b3 cxb3 12. axb3 Ng6 13. c3 Be7 14. b4 Rc8 15. Ne1 Nf8 16. Qd2 Nd7 17. Nd3 a5 18. b5 Na7 19. Nf4 O-O 20. Qa2 Bd8 21. Bd2 f6 22. Ne3 fxe5 23. dxe5 Nxe5 24. Nexd5 {1-0 Ganguly,S (2575)-Laurent-Paoli,P (2576) TCh-FRA Top 16 GpA 2024 (2.3)}) 10. bxc3 Bg4 $146 ({RR} 10... Nc6 11. Bxc4 dxc4 12. d5 Qa5 13. dxc6 bxc6 14. Qb2 Ne7 15. Qb7 Rc8 16. Nd2 Qc7 17. Qxa7 Qxa7 18. Bxa7 Bxc2 19. Nxc4 Ra8 20. Nd6+ Kd7 21. Bc5 f6 22. f4 Rhb8 23. Rf2 Bg6 24. Rd2 Nd5 25. f5 {1-0 Glushenko,N-Rossinskaja,L Moscow Goodwill Games 2000 (6)}) ({RR} 10... Qa5 11. Qd2 Qa4 12. Bd1 h6 13. Nh4 Bh7 14. f4 Ne7 15. g4 Ng6 16. Nxg6 fxg6 17. Qg2 Qd7 18. Bf3 Nc6 19. Rfb1 b6 20. Bc1 Rf8 21. Be3 O-O-O 22. a4 {½-½ Akots,G (2245)-Nemeth,A (2079) HUN-chT2 Asztalos 0809 2008 (4)}) ({RR} 10... Nc6 11. Nh4 Bg6 12. f4 Nge7 13. g4 Be4 14. f5 Rf8 15. Bf3 Qa5 16. Qd2 O-O-O 17. Bg2 Qa3 18. Bf4 a6 19. f6 gxf6 20. exf6 Ng6 21. Nxg6 hxg6 22. Bg3 Bxg2 23. Kxg2 b5 24. Rf3 Qb2 25. Qd1 {1-0 Brandenburg,D (2392)-Diepeveen,V (2327) Dieren op 2006 (9)}) 11. a4 Nc6 12. Qe1 O-O-O 13. Ng5 Bxe2 14. Qxe2 Qc7 15. Bc1 h6 16. Nh3 Nge7 17. Nf4 g6 18. Qf3 Kb8 19. Ba3 Ka8 20. Ne2 Nf5 21. Rfb1 Rd7 22. Ng3 Ng7 23. Rb5 Qd8 24. Rab1 h5 25. Nf1 Nf5 26. Ne3 Nh4 27. Qg3 g5 28. f4 gxf4 29. Qxf4 Ng6 30. Qf3 Nh4 31. Qf4 Ng6 32. Qf3 Nh4 1/2-1/2